Statystyki dla Qiuz o Grecji

Kliknij tutaj aby rozwiązać quiz!

Ogólne statystyki

  • Ten quiz został rozwiązany 22 razy
  • Średni wynik to 6 z 10

Statystyki odpowiedzi

ZagadnienieOdpowiedź% Poprawnych
Stolica Grecji to:Ateny
95%
Waluta obowiązująca w Grecji to:Euro
89%
Największa Grecka wyspa to:Kreta
89%
Z jakimi państwami graniczy Grecja?Albania, Macedonia Północna, Bułgaria, Turcja
74%
Jaka Religia dominowała w STAROŻYTNEJ Grecji?politeistyczna
74%
Jaka Religia dominuje w Grecji?prawosławie
63%
W którym roku Grecja przystąpiła do Unii Europejskiej?1981
37%
Kto jest prezydentem Grecji? (2023)Katerina Sakellaropoulou
37%
W którym roku Igrzyska Olimpijskie w Grecji zostały odnowione?1896
32%
Skoro mamy o Unii Europejskiej to teraz o NATO.W którym roku Grecja dołączyła do NATO1952
11%

Rozkład punktacji

Percentyl według liczby udzielonych odpowiedzi

Procent ludzi z każdym wynikiem

Twoja historia wyników

Nie rozwiązałeś tego quizu